|
|
|
|
| LEADER |
00000nam0a2200000 4500 |
| 001 |
309797 |
| 005 |
20231102002227.0 |
| 035 |
|
|
|a (RuTPU)RU\TPU\book\335136
|
| 035 |
|
|
|a RU\TPU\book\46782
|
| 090 |
|
|
|a 309797
|
| 100 |
|
|
|a 20151118d1956 m y0rusy50 ca
|
| 101 |
0 |
|
|a rus
|
| 102 |
|
|
|a RU
|
| 105 |
|
|
|a a j 001zy
|
| 200 |
1 |
|
|a Термодинамика растворов
|e учебное пособие для вузов
|f В. А. Кириллин, А. Е. Шейндлин
|
| 210 |
|
|
|a Москва
|c Госэнергоиздат
|d 1956
|
| 215 |
|
|
|a 272 с.
|c ил.
|
| 320 |
|
|
|a Библиогр.: с. 272.
|
| 606 |
1 |
|
|a Растворы
|x Термодинамика
|2 stltpush
|3 (RuTPU)RU\TPU\subj\23888
|9 48390
|
| 610 |
1 |
|
|a понятия
|
| 610 |
1 |
|
|a химическая термодинамика
|
| 610 |
1 |
|
|a вещества
|
| 610 |
1 |
|
|a растворимость
|
| 610 |
1 |
|
|a парообразование
|
| 610 |
1 |
|
|a плавление
|
| 610 |
1 |
|
|a бинарные растворы
|
| 610 |
1 |
|
|a дисцилляция
|
| 610 |
1 |
|
|a ректификация
|
| 610 |
1 |
|
|a термические свойства
|
| 610 |
1 |
|
|a калорические свойства
|
| 610 |
1 |
|
|a активность
|
| 610 |
1 |
|
|a абсорбционные холодильные установки
|
| 610 |
1 |
|
|a теплосиловые установки
|
| 610 |
1 |
|
|a применение
|
| 610 |
1 |
|
|a фазовое равновесие
|
| 610 |
1 |
|
|a учебные пособия
|
| 610 |
1 |
|
|a библиотека А. Г. Стромберга
|
| 675 |
|
|
|a 544.35.03(075.8)
|v 3
|
| 700 |
|
1 |
|a Кириллин
|b В. А.
|g Владимир Алексеевич
|
| 701 |
|
1 |
|a Шейндлин
|b А. Е.
|g Александр Ефимович
|
| 801 |
|
1 |
|a RU
|b 63413507
|c 20021128
|g PSBO
|
| 801 |
|
2 |
|a RU
|b 63413507
|c 20170914
|g PSBO
|
| 942 |
|
|
|c BK
|